• 首页
  • 本馆介绍
  • 公告通知
  • 最新文献
  • 馆藏检索
  • 电子资源
  • 读者导购
  • 参考咨询
  • 我的图书馆
  • 登录
  • 详细信息显示
  • 放入我的书架
  • 预约/预借图书
  • 作者相关作品
  • 分类相关作品
  • 丛书相关作品
  • 出版社相关作品

书目信息

  • 表格格式
  • 工作单格式
  • 卡片格式
题名:
汽车检测与诊断技术
    
 
作者: 庞宏 , 程慧敏 主编
分册:  
出版信息: 北京   金盾出版社  2014.03
页数: 336页
开本: 26cm
丛书名:
单 册:
中图分类: U472.9
科图分类:
主题词: 公路运输
电子资源:
ISBN: 7-5082-9076-3
000 00639nam0 2200217 450
001 50
005 20160906091725.95
010    @a7-5082-9076-3@dCNY54.00
092    @b汽车
100    @a20160720d2014 km y0chiy0120 ea
101 0  @achi
102    @aCN
200 1  @a汽车检测与诊断技术@Aqi che jian ce yu zhen duan ji shu@f庞宏,程慧敏等主编@Fpang hong,cheng hui min deng zhu bian
210    @a北京@c金盾出版社@d2014.03
215    @a336页@d26cm
606 0  @a公路运输
690    @aU472.9@v4
701  0 @a庞宏@Apang hong@4主编
701  0 @a程慧敏@Acheng hui min@4主编
801  0 @aCN@b唐山师范学院图书馆@c20160720
905    @aZUCC@dU472.9@e300
    
    汽车检测与诊断技术/庞宏,程慧敏等主编.-北京:金盾出版社,2014.03
    336页;26cm
    
    
    ISBN 7-5082-9076-3:CNY54.00
    
●
相关链接 在E读中查询图书 在五车中查询图书 在当当中查询图书 在豆瓣中查询图书


正题名:汽车检测与诊断技术     索取号:U472.9/300         预约/预借

序号 登录号 条形码 馆藏地/架位号 状态 备注
1 900000   209000007   第二样本阅览室/ [索取号:U472.9/300] 在馆    
2 900202   209002023   第三借阅区/ [索取号:U472.9/300] 在馆    
3 900203   209002032   第三借阅区/ [索取号:U472.9/300] 在馆    
4 900204   209002041   第三借阅区/ [索取号:U472.9/300] 在馆    
5 900205   209002050   密集书库-物理学院/ [索取号:U472.9/300] 在馆    
唐山师范学院图书馆 欢迎您!
大连网信软件有限公司© 版权所有